000 00328nam a2200133Ia 4500
008 240624s9999 xx 000 0 und d
041 _aeng
082 _a158.7 BLO
100 _aBLOUNT JEB
245 _aSALES EQ HOW ULTRA HIGH PERFORMERS LEVER
260 _c2017
_aNew Delhi
_bWiley
300 _a306 p.; 24 cm.
365 _cRS
999 _c30920
_d30920